000 00650nam a22001817a 4500
003 UA-OsUOA
001 11032
007 ta
008 20050222b un ||||| |||| 00| 0 ukr d
100 _aЦуканов Б.
942 _cSA
040 _aUA-OsUOA
_cUA-OsUOA
_dUA-OsUOA
245 _aЧас життя і час Всесвіту , або коли прогримів Big Bang ? : [ Про теорію всесвіту , який розширюється від моменту Великого Вибуху ]
300 _aС.8-9
955 _a0
773 0 _w0
_tНауковий світ
_dКиїв
_d2005
_g№2
650 7 _aАстрономія
_2UDC
999 _c297193
_d297193